Missing Word: Television Miniseries (A-Z) Quiz Stats

 Plays Quiz Updated Sep 19, 2017

Challenge
Share
Tweet
Embed
Score 0/25 Timer 03:00
1 Play Today
Hint Missing Word % Correct
B: ____ of BrothersBand
96.8%
N: ____ and SouthNorth
95.1%
R: ____ Man, Poor ManRich
95.1%
G: ____ ExpectationsGreat
95%
J: ____ of NazarethJesus
92.9%
V: ____ FairVanity
88.9%
E: Jane ____Eyre
87.4%
O: ____ Mutual FriendOur
86.1%
D: Lonesome ____Dove
81.3%
H: ____ & McCoysHatfields
77.6%
Q: The Virgin ____Queen
74.9%
U: Wonders of the ____Universe
68.8%
T: The ____ BirdsThorn
65.5%
Hint Missing Word % Correct
S: ____ LotSalem's
63.6%
Y: The ____ PioneersYoung
63.3%
I: ___ the WestInto
61.7%
A: John ____Adams
59.5%
M: ____ PierceMildred
56.6%
Z: Shaka ____Zulu
55.2%
C: I, ____Claudius
53.5%
W: The ____ of WarWinds
39.6%
P: The Blue ____Planet
29.9%
K: Generation ____Kill
20.2%
F: ____ PlanetFrozen
17.7%
L: The ____ RoomLost
13.9%

Today's Daily Dose

You're not logged in!

Compare scores with friends on all Sporcle quizzes.
Join for Free
OR
Log In

You Might Also Like...

Show Comments

Extras

Top Quizzes Today


Score Distribution

Your Account Isn't Verified!

In order to create a playlist on Sporcle, you need to verify the email address you used during registration. Go to your Sporcle Settings to finish the process.

Report this User

Report this user for behavior that violates our Community Guidelines.

Details: